The profession of Surveying in Queensland (Record no. 87635)

MARC details
000 -LEADER
fixed length control field 00515cam a2200205 4500
001 - CONTROL NUMBER
control field D14932
008 - FIXED-LENGTH DATA ELEMENTS--GENERAL INFORMATION
fixed length control field 090401t1970 xxu||||| |||| 00| 0 eng d
035 ## - SYSTEM CONTROL NUMBER
System control number (Sirsi) u18943
041 ## - LANGUAGE CODE
Language code of text/sound track or separate title eng
050 ## - LIBRARY OF CONGRESS CALL NUMBER
Classification number 526.90994
100 ## - MAIN ENTRY--PERSONAL NAME
Personal name Reilly, S.E.
245 #4 - TITLE STATEMENT
Title The profession of Surveying in Queensland
260 ## - PUBLICATION, DISTRIBUTION, ETC.
Place of publication, distribution, etc. Brisbane, Australia
Name of publisher, distributor, etc. Institution of Surveyors
Date of publication, distribution, etc. 1970
300 ## - PHYSICAL DESCRIPTION
Extent vi. 149p. 26cm
350 ## - PRICE (NR) (BK AM CF MU VM SE) [OBSOLETE]
Price 0
520 ## - SUMMARY, ETC.
Summary, etc. Queensland Division
650 ## - SUBJECT ADDED ENTRY--TOPICAL TERM
Topical term or geographic name entry element AUSTRALIA
942 ## - ADDED ENTRY ELEMENTS (KOHA)
Suppress in OPAC 0
948 ## - LOCAL PROCESSING INFORMATION (OCLC); SERIES PART DESIGNATOR (RLIN)
c (OCLC) 04/03/1997
Holdings
Withdrawn status Lost status Source of classification or shelving scheme Damaged status Not for loan Home library Current library Shelving location Date acquired Total Checkouts Full call number Barcode Date last seen Copy number Price effective from Koha item type
    Dewey Decimal Classification     London London Basement 14/09/1999   SHELF 133 30017428 06/08/2019 2 06/08/2019 Book